000 00986nam a2200301 i 4500
003 DO-SdBNP
005 20250211114738.0
007 ta
008 110118s1984 dr 000 0 spa d
040 _aDO-SdBNP
_bspa
_cBNPHU
_erda
082 4 _a306.8
_bA561m, 1984
_222
100 1 _aAndrés, Mateo,
_9915
_d1946-
_eautor
245 1 0 _aMatrimonio adulto :
_bintroducción al diálogo matrimonial /
_cMateo Andrés
250 _a5ª edición
264 1 _aSanto Domingo :
_bAmigo del Hogar,
_c1984.
300 _a138 páginas ;
_c22 cm.
336 _2rdacontent
_atexto
_btxt
337 _2rdamedia
_asin mediación
_bn
338 _2rdacarrier
_avolumen
_bnc
590 _aInventariado, 2023/ YL
650 4 _aMatrimonio
_xAspectos morales
_943277
650 4 _aEducación para la vida familiar
_92729
650 4 _aMatrimonio
_xAspectos religiosos
_92391
650 0 _aVida cristiana
_9668
650 0 _aFamilias
_9795
910 _aValidado. Control de calidad EMS
942 _2ddc
_cLBS1
999 _c55503
_d55503